000
00348nam a22001457a 4500
003
LK-CoDNM
005
20250722131047.0
008
250722b |||||||| |||| 00| 0 eng d
040
_a
LK-CoDNM
_d
LK-CoDNM
_e
LK-CoDNM
041
_a
sin
080
_a
KAVI
_b
2
245
_a
කවි කොළ එකතුව 2
650
_a
කවි
942
_c
BK
999
_c
240153
_d
240153